al-Iskandarīyah : al-Matʹḥaf al-Yūnānī al-Rūmānī

محفوظ في:

المؤلف الرئيسي: Aḥmad ʻAbd al-Fattāḥ, Mīrvat Sayf al-Dīn. Fikrī Ḥasan.

مؤلفون آخرون: ; bi-al-ishtirāk maʻa Muṣṭafá al-ʻAbbādī, Fekri A. Hassan, Mostafa El-Abbadi, Ahmed Abdel-Fattah, Merwatte Seif el-Din.

التنسيق: كتاب

اللغة: Undetermined

منشور في: Cairo : Markaz Tawthīq al-Turāth al-Ḥaḍārī wa-al-Ṭabīʻī bi-al-Ishtirāk maʻa al-Majlis al-Aʻlá lil-Āthār, 2003.

الموضوعات:

الوسوم: إضافة وسم

لا توجد وسوم, كن أول من يضع وسما على هذه التسجيلة!

رقم الطلب: DT59 .A8 A45

LEADER 00930nam a2200193Ia 4500
008 240329s9999||||xx |||||||||||||| ||und||
020 |a 9789773055950  
050 4 |a DT59 .A8 A45 
100 1 |a Aḥmad ʻAbd al-Fattāḥ, Mīrvat Sayf al-Dīn. Fikrī Ḥasan. 
245 1 0 |a al-Iskandarīyah : al-Matʹḥaf al-Yūnānī al-Rūmānī  |c Aḥmad ʻAbd al-Fattāḥ, Mīrvat Sayf al-Dīn. Fikrī Ḥasan 
264 1 |a Cairo :  |b Markaz Tawthīq al-Turāth al-Ḥaḍārī wa-al-Ṭabīʻī bi-al-Ishtirāk maʻa al-Majlis al-Aʻlá lil-Āthār,  |c 2003. 
300 |a 223  |b maps, plans  |c 28 cm 
650 |a  Alexandria (Egypt) Antiquities Catalogs 
650 |a Antiquities 
650 |a Art Egypt Alexandria Catalogs 
650 |a Art Égypte Alexandrie Catalogues 
700 1 |a ; bi-al-ishtirāk maʻa Muṣṭafá al-ʻAbbādī, Fekri A. Hassan, Mostafa El-Abbadi, Ahmed Abdel-Fattah, Merwatte Seif el-Din. 
942 |2 lcc  |c BK 
999 |c 57702  |d 57702